Comparses de la Patum de Berga - Statistics

General Stats
  • This quiz has been taken 7 times
  • The average score is 8 of 10
Answer Stats
Comparsa % Correct
Nans Vells
100%
Àliga
83%
Gegants
83%
Guites
83%
Maces
83%
Nans Nous
83%
Plens
83%
Turcs i Cavallets
83%
Àngels
67%
Tabal
67%
No matching quizzes found
Score Distribution
Percent of People with Each Score
Percentile by Number Answered
Your Score History
You have not taken this quiz